00581nam a2200205Ia 4500008004100000020001600041040001900057041001200076082003100088100001800119245004800137250001900185260003600204300002400240504005000264630001800314650001400332651001900346850001000365131103s9999 xx 000 0 und d a812500422 X aLoreto College aEnglish a301.2/SRI;303.4/SRIb38012 aSrinivas,M.N. aSocial change in modern IndiacM.N.Srinivas aIndian edition aHyderabadbOrient Longmanc1992 aviii,200p c 21 cm. aIncludes bibliographical references and index aSocial Change aSociology aSocial Process aLCLIB